Villes des DROM commençant par "Saint" - Statistiques

Statistiques générales
  • Ce quiz a été pris 33 fois
  • Le résultat moyen est 14 sur 26
Statistiques - réponses
DROM Villes % Correct
La Réunion Saint-Denis
91%
La Réunion Saint-Paul
88%
Martinique Saint-Pierre
88%
La Réunion Saint-Pierre
88%
La Réunion Saint-André
69%
Martinique Sainte-Marie
66%
La Réunion Sainte-Marie
66%
Guadeloupe Saint-Louis
66%
La Réunion Saint-Louis
66%
Guadeloupe Sainte-Anne
63%
Martinique Sainte-Anne
63%
Guyane Saint-Laurent-du-Maroni
63%
La Réunion Saint-Benoît
59%
La Réunion Saint-Philippe
53%
Martinique Saint-Joseph
50%
La Réunion Saint-Joseph
50%
Guadeloupe Saint-François
47%
Guyane Saint-Georges
41%
La Réunion Saint-Leu
41%
La Réunion Sainte-Suzanne
38%
Guadeloupe Saint-Claude
34%
Guadeloupe Sainte-Rose
34%
La Réunion Sainte-Rose
34%
Martinique Sainte-Luce
22%
Martinique Saint-Esprit
16%
Guyane Saint-Élie
13%
Aucun quiz correspondant
Distribution des résultats
% des personnes avec chaque résultat
Percentile par nombre de réponses
Votre historique - résultats
Vous n’avez pas pris ce quiz